000 00267nam a22001217a 4500
082 _a8948123
_bSAT/D
100 _aSATEESAN
245 _aDASAVADARA KADAKAL
260 _aTHRISSUR
_bH & C PUBLISHING HOUSE
300 _a69
650 _aSHORT STORY
_zKERALA
942 _cBK
999 _c1091
_d1091